Research methods for community change : (Record no. 7920)
[ view plain ]
| 000 -LEADER | |
|---|---|
| fixed length control field | 00598nam a22001932 4500 |
| 001 - CONTROL NUMBER | |
| control field | 0000009483 |
| 005 - DATE AND TIME OF LATEST TRANSACTION | |
| control field | 20151217152055.0 |
| 008 - FIXED-LENGTH DATA ELEMENTS--GENERAL INFORMATION | |
| fixed length control field | 081031s xx 000 0 eng d |
| 020 ## - INTERNATIONAL STANDARD BOOK NUMBER | |
| International Standard Book Number | 0761928898 : |
| Terms of availability | KES 3539.68 |
| 040 ## - CATALOGING SOURCE | |
| Original cataloging agency | KABU |
| Transcribing agency | KABU |
| 100 1# - MAIN ENTRY--PERSONAL NAME | |
| Personal name | Stoecker, Randy. |
| -- | 0000160996 |
| 245 10 - TITLE STATEMENT | |
| Title | Research methods for community change : |
| Remainder of title | a project-based approach / |
| Statement of responsibility, etc. | Randy Stoecker. |
| 260 ## - PUBLICATION, DISTRIBUTION, ETC. (IMPRINT) | |
| Place of publication, distribution, etc. | London : |
| Name of publisher, distributor, etc. | SAGE, |
| Date of publication, distribution, etc. | 2006. |
| 300 ## - PHYSICAL DESCRIPTION | |
| Extent | xii, 271 p. |
| 650 #0 - SUBJECT ADDED ENTRY--TOPICAL TERM | |
| Topical term or geographic name as entry element | Community development |
| General subdivision | Research. |
| -- | 0000160997 |
| 908 ## - PUT COMMAND PARAMETER (RLIN) | |
| Put command parameter | 081031 |
| 950 ## - LOCAL HOLDINGS (RLIN) | |
| -- | 1 |
| Withdrawn status | Lost status | Source of classification or shelving scheme | Not for loan | Home library | Current library | Date acquired | Total Checkouts | Full call number | Barcode | Date last seen | Price effective from | Koha item type |
|---|---|---|---|---|---|---|---|---|---|---|---|---|
| Library of Congress Classification | Kabarak, Main Campus | Kabarak, Main Campus | 17/12/2015 | HN49 .C6S76 c. 1 | 15139 | 17/12/2015 | 17/12/2015 | General Collection |